Vocabulaire grec ancien 9 - Statistiques

Statistiques générales
  • Ce quiz a été pris 7 fois
  • Le résultat moyen est 7 sur 14
Statistiques - réponses
Grec ancien traduction % Correct
ὁ φιλόσοφος, ου le philosophe
100%
ὁ χρόνος, ου le temps
100%
φίλος, η, ον ami
60%
τὸ φάρμακον, ου le remède | la drogue
60%
ὁ ὕπνος, ου le sommeil
60%
χρηστός, ή, όν bon | vertueux
40%
φεύγω je fuis
40%
φέρω je porte | je produis
40%
ὁ φόϐος, ου la peur | la terreur
40%
ὁ Φίλιππος, ου Philippe
40%
ὑμεῖς (ὑμᾶς, ὑμῶν, ὑμῖν) vous
40%
φυλάττω je veille sur quelque chose | je protège
20%
ὑπό + génitif sous l’effet de | par
20%
χαίρω + datif je me réjouis de | je suis content de
0%
Aucun quiz correspondant
Distribution des résultats
% des personnes avec chaque résultat
Percentile par nombre de réponses
Votre historique - résultats
Vous n’avez pas pris ce quiz